Visualizzazione normale
Vista MARC
- Tertuliano, Quinto Septimio Florente.
di Personal Name
Records bibliografici associati: 1
001 - CONTROL NUMBER
- control field: 39941
003 - CONTROL NUMBER IDENTIFIER
- control field: IT-RoINE
005 - DATE AND TIME OF LATEST TRANSACTION
- control field: 20171006085312.0
008 - FIXED-LENGTH DATA ELEMENTS
- fixed length control field: 171006|| aca||aabn | a|a d
040 ## - CATALOGING SOURCE
- Original cataloging agency: IT-RoINE
- Transcribing agency: IT-RoINE
100 ## - HEADING--PERSONAL NAME
- Personal name: Tertuliano, Quinto Septimio Florente.
- Title of a work: De oratione
- Language of a work: Español
670 ## - SOURCE DATA FOUND
- Source citation: Work cat.: (IT-RoINE)0: Tertuliano, Quinto Septimio Florente, 7908 ca. 160-ca. 230, El bautismo ;, [2006].